Central Library OPAC University of Rajshahi

The political prophecy in England / (Record no. 20845)

MARC details
000 -LEADER
fixed length control field 00915nam a22002772 4500
001 - CONTROL NUMBER
control field 20845
003 - CONTROL NUMBER IDENTIFIER
rucl marc code BD-RjUL
005 - DATE AND TIME OF LATEST TRANSACTION
control field 20211209000623.0
008 - FIXED-LENGTH DATA ELEMENTS--GENERAL INFORMATION
fixed length control field 140302r19671911nyu 000 0 eng d
035 ## - SYSTEM CONTROL NUMBER
System control number OCLC ocm01749065 from D970114M
-- (BD-RjUL)20907
040 ## - CATALOGING SOURCE
Original cataloging agency FHM
Transcribing agency FHM
Modifying agency BD-RjUL
Language of cataloging eng
041 ## - LANGUAGE CODE
Language code of text/sound track or separate title eng
082 ## - DEWEY DECIMAL CLASSIFICATION NUMBER
Classification number 820.9
Author mark and year TAP 1967
090 ## - LOCALLY ASSIGNED LC-TYPE CALL NUMBER (OCLC); LOCAL CALL NUMBER (OCLC)
Classification number (OCLC) (R) ; Classification number, CALL (RLIN) (NR) PR25
Local cutter number (OCLC) ; Book number/undivided call number, CALL (RLIN) .T2 1967
100 1# - MAIN ENTRY--PERSONAL NAME
Personal name Taylor, Rupert,
Dates associated with a name 1883-
9 (RLIN) 64382
245 14 - TITLE STATEMENT
Title The political prophecy in England /
Statement of responsibility, etc. by Rupert Taylor.
260 ## - PUBLICATION, DISTRIBUTION, ETC. (IMPRINT)
Place of publication, distribution, etc. New York :
Name of publisher, distributor, etc. AMS Press,
Date of publication, distribution, etc. 1911 [Reprinted 1967].
300 ## - PHYSICAL DESCRIPTION
Pagination xx, 165 p. ;
Size 24 cm.
490 0# - SERIES STATEMENT
Series statement Columbia University studies in English
500 ## - GENERAL NOTE
General note Reprint of the 1911 ed. published by The Columbia university press, New York.
504 ## - BIBLIOGRAPHY, ETC. NOTE
Bibliography, etc Includes index.
650 #0 - SUBJECT ADDED ENTRY--TOPICAL TERM
Topical term or geographic name as entry element English literature
General subdivision History and criticism.
9 (RLIN) 64383
Topical term or geographic name as entry element Prophecies.
9 (RLIN) 64384
942 ## - ADDED ENTRY ELEMENTS (KOHA)
Source of classification or shelving scheme Dewey Decimal Classification
Koha item type Books
Holdings
Lost status Source of classification or shelving scheme Damaged status Not for loan Collection code Permanent Location Current Location Shelving location Date acquired Source of acquisition Cost, normal purchase price Total Checkouts Full call number Date last seen Copy number Koha item type
  Dewey Decimal Classification   Added to bundle Fiction Central Library, University of Rajshahi Central Library, University of Rajshahi Reading Room 27/01/1971 Zeitlinger 57.00   820.9 TAP 1967 02/03/2014 C-1 Books